| 000 | 00476nam a2200181Ia 4500 | ||
|---|---|---|---|
| 003 | GCL | ||
| 008 | 140319s9999 xx 000 0 eng d | ||
| 040 |
_aGCL / _cGCL |
||
| 082 | 0 | 4 |
_a822.33 _bM S |
| 100 | 1 | _aMCGUIRE, PHILIPC | |
| 245 | 1 | 0 |
_aSHAKESPEARE : THE JACSBEAN PLAYS / _cMCGUIRE, PHILIPC |
| 260 |
_a[S.N] : _bMACMILLAN ، _c1994 |
||
| 300 | _a217 P P | ||
| 650 | 0 | 4 | _aENGLISH LITERATURE |
| 650 | 0 | 4 | _aLITERATURE |
| 650 | 0 | 4 | _aSHAKESPEARE, WILLIAM |
| 942 |
_2ddc _cBK |
||
| 999 |
_c11957 _d11957 |
||